00691 2200229 4500001002100000005001500021035002000036007000300056008004100059020001800100082001000118084001600128100002200144245008000166260006900246300002900315650002700344650001400371700001800385856003400403990002400437INLIS00000000000806420260303021629 a0010-0326000009ta260303 0 ind  a979-8161-34-3 a631.1 a631.1 ADN p0 aADNYANA, Made Oka1 aPerakitan Dan Pengembangan Teknologi Sistem Usahatani Tanaman Pangan Buku 1 aBogor :bPusat Penelitian Dan Pengembangan Tanaman Pangan,c1993 a321p. :bIlus ;c23.3 cm 4aPerakitan-Pengembangan 4aUsahatani0 aAman Djauhari aPerpustakaan BBRMP Jawa Timur a199/2026/BBRMPJATIM